War and media operations : (Record no. 21263)
[ view plain ]
| 000 -LEADER | |
|---|---|
| fixed length control field | 01252cam a22002895a 4500 |
| 001 - CONTROL NUMBER | |
| control field | 18826112 |
| 005 - DATE AND TIME OF LATEST TRANSACTION | |
| control field | 20160228120635.0 |
| 008 - FIXED-LENGTH DATA ELEMENTS--GENERAL INFORMATION | |
| fixed length control field | 151021s2007 enka frb 001 0 eng d |
| 020 ## - INTERNATIONAL STANDARD BOOK NUMBER | |
| International Standard Book Number | 9780415416597 (hbk.) |
| 020 ## - INTERNATIONAL STANDARD BOOK NUMBER | |
| International Standard Book Number | 0415416590 (hbk.) |
| 040 ## - CATALOGING SOURCE | |
| Original cataloging agency | DLC |
| Language of cataloging | eng |
| Transcribing agency | DLC |
| Modifying agency | BAKER |
| -- | BWKUK |
| -- | UKM |
| -- | YDXCP |
| -- | BTCTA |
| -- | OCLNG |
| -- | OCLCQ |
| -- | A7U |
| -- | TULIB |
| -- | OCLCO |
| -- | OCLCA |
| -- | OCLCF |
| -- | OCLCQ |
| -- | DLC |
| -- | EG-ScBUE |
| 043 ## - GEOGRAPHIC AREA CODE | |
| Geographic area code | n-us--- |
| 082 04 - DEWEY DECIMAL CLASSIFICATION NUMBER | |
| Classification number | 070.4493550097309045 |
| Edition number | 22 |
| Item number | RID |
| 100 1# - MAIN ENTRY--PERSONAL NAME | |
| Personal name | Rid, Thomas, |
| Dates associated with a name | 1975- |
| 9 (RLIN) | 39452 |
| 245 10 - TITLE STATEMENT | |
| Title | War and media operations : |
| Remainder of title | the U.S. military and the press from Vietnam to Iraq / |
| Statement of responsibility, etc | Thomas Rid. |
| 260 ## - PUBLICATION, DISTRIBUTION, ETC. (IMPRINT) | |
| Place of publication, distribution, etc | Oxon ; |
| -- | New York : |
| Name of publisher, distributor, etc | Routledge / Taylor & Francis Group, |
| Date of publication, distribution, etc | 2007. |
| 300 ## - PHYSICAL DESCRIPTION | |
| Extent | xii, 226 p. : |
| Other physical details | ill. ; |
| Dimensions | 24 cm. |
| 490 0# - Series Statement | |
| Series statement | Cass military studies. |
| 500 ## - GENERAL NOTE | |
| General note | Index : p. 223-226. |
| 504 ## - BIBLIOGRAPHY, ETC. NOTE | |
| Bibliography, etc | Bibliography : p. 199-222. |
| 650 #0 - SUBJECT ADDED ENTRY--TOPICAL TERM | |
| Topical term or geographic name as entry element | Armed Forces and mass media |
| Geographic subdivision | United States |
| General subdivision | History |
| Chronological subdivision | 20th century. |
| Source of heading or term | BUEsh |
| 650 #0 - SUBJECT ADDED ENTRY--TOPICAL TERM | |
| Topical term or geographic name as entry element | Armed Forces and mass media |
| Geographic subdivision | United States |
| General subdivision | History |
| Chronological subdivision | 21st century. |
| Source of heading or term | BUEsh |
| 651 #0 - SUBJECT ADDED ENTRY--GEOGRAPHIC NAME | |
| Geographic name | United States |
| General subdivision | Armed Forces |
| -- | Public relations |
| -- | History |
| Chronological subdivision | 20th century. |
| Source of heading or term | BUEsh |
| 651 #4 - SUBJECT ADDED ENTRY--GEOGRAPHIC NAME | |
| Geographic name | United States |
| General subdivision | Armed Forces |
| -- | Public relations |
| -- | History |
| Chronological subdivision | 21st century. |
| Source of heading or term | BUEsh |
| 653 ## - INDEX TERM--UNCONTROLLED | |
| Resource For college | Communication and mass media |
| Arrived date list | February2016 |
| 942 ## - ADDED ENTRY ELEMENTS (KOHA) | |
| Source of classification or shelving scheme | Dewey Decimal Classification |
| Withdrawn status | Item status | Source of classification or shelving scheme | Damaged status | Not for loan | Vendor | Home library | Current library | Shelving location | Date acquired | Source of acquisition | Cost, normal purchase price | Serial Enumeration / chronology | Total Checkouts | Total Renewals | Full call number | Barcode | Date last seen | Date last borrowed | Cost, replacement price | Koha item type |
|---|---|---|---|---|---|---|---|---|---|---|---|---|---|---|---|---|---|---|---|---|
| Dewey Decimal Classification | Iqraa | Central Library | Central Library | Lower Floor | 28/02/2016 | Purchase | 1230.00 | 3741 | 2 | 4 | 070.4493550097309045 RID | 000031740 | 15/07/2025 | 01/10/2019 | 1537.50 | Book - Borrowing |